Personnages de Breaking Bad - Statistiques

Statistiques générales
  • Ce quiz a été pris 196 fois
    34 depuis la dernière actualisation
  • Le résultat moyen est 12 sur 15
Statistiques - réponses
Hint Réponse % Correct
Epouse de Walter Skyler White
100%
Tueur muet en fauteuil roulant Hector Salamanca
96%
Elève paumé devenu partenaire Jesse Pinkman
88%
Ami Junkie de Jesse Skinny Pete
88%
Neveu impitoyable d'Hector Tuco Salamanca
88%
Patron de Los Pollos Hermanos Gus Fring
85%
Beau-frère agent de la DEA Hank Schrader
85%
Identité secrète de Walter Heisenberg
85%
Nettoyeur de scènes, discret et efficace Mike Ehrmantraut
85%
Nom réel de l'avocat véreux Jimmy McGill
81%
Associé de Gus, chimiste méticuleux Gale Boetticher
77%
Ancienne copine de Jesse, morte d'une overdose Jane Margolis
77%
Avocat véreux dans tous les coups foireux Saul Goodman
77%
Professeur de chimie devenu baron de la drogue Walter White
65%
Sous ses airs de garçon modèle se cache un tueur froid et méthodique Todd Alquist
46%
Aucun quiz correspondant
Distribution des résultats
% des personnes avec chaque résultat
Percentile par nombre de réponses
Votre historique - résultats
Vous n’avez pas pris ce quiz depuis la dernière actualisation